[Event "Indonesia Open 2013"]
[Site "Jakarta INA"]
[Date "2013.10.15"]
[Round "8.12"]
[White "Batchuluun, Tsegmed"]
[Black "Cao, Sang"]
[Result "1/2-1/2"]
[WhiteTitle "GM"]
[BlackTitle "GM"]
[WhiteElo "2529"]
[BlackElo "2485"]
[WhiteFideId "4900847"]
[BlackFideId "725056"]
[EventDate "2013.10.10"]

1. d4 Nf6 2. c4 e6 3. Nc3 Bb4 4. f3 c5 5. d5 b5 6. e4 bxc4 7. Bxc4 Nxd5 8. Bxd5
exd5 9. Qxd5 Nc6 10. Ne2 Ba6 11. a3 Bxc3+ 12. Nxc3 Qb6 13. Kf2 O-O 14. Na4 Qb5
15. Nxc5 Ne7 16. Qd6 Rac8 17. Nxa6 Rc6 18. Qxe7 Rc2+ 19. Kg3 Qe2 20. Kf4 Qxg2
21. Be3 f6 22. Qxg7+ Qxg7 23. Rag1 Qg5+ 24. Rxg5+ fxg5+ 25. Kg3 Rxb2 26. Nc5 d6
27. Ne6 Re8 28. Nxg5 Rb3 29. Bf4 h6 30. Nh3 Kh7 31. Bxd6 Rxe4 32. Rb1 Ree3 33.
Rxb3 Rxb3 34. Nf4 Kg7 35. Kg4 Kf7 36. h4 a5 37. h5 Rc3 38. Ng6 Rc1 39. f4 Ke6
40. Bf8 Rg1+ 41. Kf3 Rb1 42. Kg4 Rg1+ 43. Kf3 Rh1 44. Ke4 Rxh5 45. Ne5 Rh3 46.
Bg7 Rh4 47. Nf3 Rh1 48. f5+ Kf7 49. f6 Ke6 50. Nd4+ Kf7 51. Nc6 Re1+ 52. Kd5
Rd1+ 53. Kc5 Ke6 54. Nd4+ Kf7 55. Nc6 Ke6 56. Nd4+ Kf7 57. Nf5 h5 58. Nd6+ Kg6
59. Bh8 Rc1+ 60. Kb5 Rb1+ 61. Kxa5 Rb8 62. Bg7 h4 63. f7 Kxg7 64. Nf5+ Kxf7 65.
Nxh4 Ke6 66. Ng6 Kd6 67. Nf4 Rb3 68. Ka4 Re3 69. Kb5 Ke5 70. Ng6+ Kd4 71. a4 Re6
72. Nf8 Rd6 73. a5 Kd5 74. a6 Rd8 75. a7 Rxf8 76. Kb6 Kd6 77. Kb7 1/2-1/2

[Event "Indonesia Open 2013"]
[Site "Jakarta INA"]
[Date "2013.10.15"]
[Round "8.13"]
[White "Laylo, Darwin"]
[Black "Megaranto, Susanto"]
[Result "1/2-1/2"]
[WhiteTitle "GM"]
[BlackTitle "GM"]
[WhiteElo "2497"]
[BlackElo "2528"]
[WhiteFideId "5201330"]
[BlackFideId "7101384"]
[EventDate "2013.10.10"]

1. d4 Nf6 2. Nf3 e6 3. c4 b6 4. a3 Bb7 5. Nc3 Ne4 6. d5 Nxc3 7. bxc3 Be7 8. e4
O-O 9. Bd3 Na6 10. O-O d6 11. Nd4 e5 12. Ne2 Bg5 13. f4 exf4 14. Bxf4 Nc5 15.
Nd4 Bxf4 16. Rxf4 Bc8 17. Qf3 Bd7 18. Rf1 Qe7 19. Qg3 Qe5 20. Qf3 Qe7 21. Qg3
Qe5 22. Qf3 Qe7 23. Qg3 Qe5 1/2-1/2

[Event "Indonesia Open 2013"]
[Site "Jakarta INA"]
[Date "2013.10.15"]
[Round "8.14"]
[White "Gopal, G.N."]
[Black "Lioe, Dede"]
[Result "1/2-1/2"]
[WhiteTitle "GM"]
[BlackTitle "IM"]
[WhiteElo "2527"]
[BlackElo "2375"]
[WhiteFideId "5015693"]
[BlackFideId "7100566"]
[EventDate "2013.10.10"]

1. e4 e5 2. Nf3 Nc6 3. Bb5 a6 4. Ba4 Nf6 5. O-O b5 6. Bb3 Be7 7. d3 O-O 8. a4
Rb8 9. Re1 d6 10. axb5 axb5 11. Nbd2 Be6 12. c3 Bxb3 13. Nxb3 Ra8 14. Bd2 Rxa1
15. Qxa1 Qa8 16. Qd1 Qa4 17. h3 h6 18. Na1 Ra8 19. Nc2 Qa2 20. Bc1 Nd7 21. Ne3
Bd8 22. Nf5 Ne7 23. N3h4 Nxf5 24. Nxf5 Nf6 25. Qf3 Qe6 26. d4 Ra1 27. Qd3 exd4
28. Nxd4 Qd7 29. Bd2 Rxe1+ 30. Bxe1 c6 31. Nf5 d5 32. exd5 1/2-1/2

[Event "Indonesia Open 2013"]
[Site "Jakarta INA"]
[Date "2013.10.15"]
[Round "8.15"]
[White "Stefanova, Antoaneta"]
[Black "Vaibhav, Suri"]
[Result "1/2-1/2"]
[WhiteTitle "GM"]
[BlackTitle "GM"]
[WhiteElo "2496"]
[BlackElo "2527"]
[WhiteFideId "2902257"]
[BlackFideId "5045185"]
[EventDate "2013.10.10"]

1. d4 Nf6 2. c4 e6 3. Nc3 Bb4 4. e3 c5 5. Ne2 d5 6. a3 Ba5 7. dxc5 dxc4 8. Qxd8+
Bxd8 9. Nd4 Nbd7 10. Bxc4 Nxc5 11. f3 Bd7 12. e4 Bb6 13. Be3 Rc8 14. Be2 Na4 15.
Nxa4 Bxa4 16. Kf2 Ke7 17. Rac1 Rhd8 18. Rxc8 Rxc8 19. Rb1 g6 20. Bd1 Bxd1 21.
Rxd1 Nd7 22. Nb3 Rc6 23. Nd4 Rc8 24. Nb3 e5 25. Rc1 Rxc1 26. Nxc1 Kd6 27. Ke2
Bxe3 28. Kxe3 Nc5 29. b4 Na4 30. Kd2 b5 31. Nd3 Nb6 32. Nb2 Nd7 33. a4 bxa4 1/2-1/2

[Event "Indonesia Open 2013"]
[Site "Jakarta INA"]
[Date "2013.10.15"]
[Round "8.16"]
[White "Barus, Cerdas"]
[Black "Gupta, Abhijeet"]
[Result "0-1"]
[WhiteTitle "GM"]
[BlackTitle "GM"]
[WhiteElo "2396"]
[BlackElo "2593"]
[WhiteFideId "7100094"]
[BlackFideId "5010608"]
[EventDate "2013.10.10"]

1. d4 d5 2. Nf3 Nf6 3. c4 c6 4. Nc3 g6 5. cxd5 cxd5 6. Bf4 Bg7 7. e3 O-O 8. Bd3
a6 9. Rc1 b5 10. O-O Bb7 11. a4 b4 12. Nb1 Nc6 13. Nbd2 Nd7 14. Nb3 e5 15. dxe5
Ncxe5 16. Nxe5 Nxe5 17. Be2 a5 18. Nd4 Qb6 19. b3 Rac8 20. Qd2 Nd7 21. Nb5 Nc5
22. Qa2 Rfd8 23. Bg5 Re8 24. Bf4 Red8 25. Bg5 Rd7 26. Bg4 f5 27. Bf3 Ne6 28. h4
h6 29. Bf4 Rxc1 30. Rxc1 d4 31. Bxb7 Qxb7 32. Nd6 Qd5 33. Nc4 Rd8 34. Nb6 Qe4
35. f3 Qb7 36. Nc4 d3 37. Be5 Bxe5 38. Nxe5 f4 39. Qf2 Qa7 40. exf4 Qxf2+ 41.
Kxf2 Nxf4 42. Rd1 Rd5 43. Nc4 Kg7 44. g3 Ne6 45. Ke3 Nc5 46. Nxa5 Nxa4 47. bxa4
Rxa5 48. Rxd3 Rxa4 49. Rd7+ Kf6 50. Rb7 Ke5 51. Rb5+ Kd6 52. Rb6+ Kc5 53. Rxg6
b3 54. Kd2 Rc4 55. Rg4 Rc2+ 56. Kd1 Kb5 57. h5 Rc8 58. Rg7 Ka6 59. Rg4 b2 60.
Rb4 Rc1+ 61. Ke2 b1=Q 62. Rxb1 Rxb1 63. Ke3 Kb6 64. Ke4 Rb5 0-1

[Event "Indonesia Open 2013"]
[Site "Jakarta INA"]
[Date "2013.10.15"]
[Round "8.17"]
[White "Ehlvest, Jaan"]
[Black "Batchimeg, Tuvshintugs"]
[Result "1-0"]
[WhiteTitle "GM"]
[BlackTitle "WGM"]
[WhiteElo "2578"]
[BlackElo "2376"]
[WhiteFideId "4500016"]
[BlackFideId "4900839"]
[EventDate "2013.10.10"]

1. d4 d5 2. Nf3 Nf6 3. Bg5 h6 4. Bh4 c6 5. e3 Bg4 6. Nbd2 Nbd7 7. h3 Bxf3 8.
Qxf3 Qb6 9. Bd3 e5 10. Bxf6 Nxf6 11. dxe5 Qxb2 12. Rb1 Qxe5 13. Rxb7 Bd6 14. Ke2
O-O 15. Qf5 Qc3 16. Rhb1 Rfe8 17. R7b3 Qa5 18. Nc4 Qd8 19. Nxd6 Qxd6 20. Kf1 c5
21. Rb7 c4 22. Be2 g6 23. Qf3 Kg7 24. g3 Rab8 25. Qf4 Rxb7 26. Rxb7 Qxf4 27.
gxf4 a6 28. h4 h5 29. Bf3 Re6 30. Ke2 Rc6 31. Ra7 Rb6 32. a4 Rd6 33. a5 Ne4 34.
Rc7 Nc3+ 35. Kd2 Nb5 36. Rc5 d4 37. Rxc4 dxe3+ 38. Kxe3 Na3 39. Rc5 Kf6 40. Be4
Ke6 41. f5+ Kf6 42. fxg6 fxg6 43. c4 Ke7 44. f4 Kd7 45. Bd3 Ke7 46. Rg5 Kf7 47.
Rd5 Rxd5 48. cxd5 Ke7 49. Ke4 Kd6 50. Kd4 1-0

[Event "Indonesia Open 2013"]
[Site "Jakarta INA"]
[Date "2013.10.15"]
[Round "8.18"]
[White "Farid, Firman Syah"]
[Black "Grigoryan, Avetik"]
[Result "1/2-1/2"]
[WhiteTitle "IM"]
[BlackTitle "GM"]
[WhiteElo "2392"]
[BlackElo "2577"]
[WhiteFideId "7102526"]
[BlackFideId "13302191"]
[EventDate "2013.10.10"]

1. e4 e5 2. Nf3 Nc6 3. d4 exd4 4. Nxd4 Bc5 5. Nb3 Bb6 6. Nc3 Nge7 7. Qe2 d6 8.
Be3 O-O 9. O-O-O f5 10. g3 fxe4 11. Nxe4 Bxe3+ 12. Qxe3 Bg4 13. Rd2 Bf3 14. Rg1
Ne5 15. Nd4 Nd5 16. Qe1 Qd7 17. Ng5 Rae8 18. Bh3 Nd3+ 19. Rxd3 Rxe1+ 20. Rxe1
Bg4 21. Nde6 Nb4 22. Rb3 Bxh3 23. Nxf8 Qf5 24. Rxb4 Qxg5+ 25. Rf4 h6 26. Re8 Qb5
27. Nd7+ Kh7 28. Nf8+ Kg8 29. Rd8 Qa5 30. Ng6+ Kh7 31. Nf8+ Kg8 32. Ne6+ Kh7 33.
Nf8+ 1/2-1/2

[Event "Indonesia Open 2013"]
[Site "Jakarta INA"]
[Date "2013.10.15"]
[Round "8.19"]
[White "Purnama, Tirta Chandra"]
[Black "Gomez, John Paul"]
[Result "1/2-1/2"]
[WhiteTitle "IM"]
[BlackTitle "GM"]
[WhiteElo "2382"]
[BlackElo "2511"]
[WhiteFideId "7101422"]
[BlackFideId "5201381"]
[EventDate "2013.10.10"]

1. d4 d5 2. c4 c6 3. Nc3 Nf6 4. Nf3 dxc4 5. a4 Bf5 6. Ne5 Nbd7 7. Nxc4 Nb6 8.
Ne5 a5 9. g3 e6 10. Bg2 Bb4 11. O-O h6 12. e4 Bh7 13. Ng4 Be7 14. Nxf6+ Bxf6 15.
d5 exd5 16. exd5 O-O 17. dxc6 Qxd1 18. Rxd1 bxc6 19. Bxc6 Rac8 20. Be4 Bxc3 21.
Bxh7+ Kxh7 22. bxc3 Rxc3 23. Bd2 Rc5 24. Be3 Rc6 25. Bxb6 Rxb6 26. Rd7 Rf6 27.
Rd5 Rc8 28. Ra2 Ra6 29. Rad2 Rc4 30. R2d4 Rb4 1/2-1/2

[Event "Indonesia Open 2013"]
[Site "Jakarta INA"]
[Date "2013.10.15"]
[Round "8.20"]
[White "Nolte, Rolando"]
[Black "Dimakiling, Oliver"]
[Result "0-1"]
[WhiteTitle "IM"]
[BlackTitle "IM"]
[WhiteElo "2447"]
[BlackElo "2353"]
[WhiteFideId "5200636"]
[BlackFideId "5202248"]
[EventDate "2013.10.10"]

1. e4 e5 2. Nf3 Nf6 3. d4 Nxe4 4. Bd3 d5 5. Nxe5 Nc6 6. Nxc6 bxc6 7. O-O Be7 8.
c4 O-O 9. Qc2 f5 10. Nc3 Be6 11. c5 Bf6 12. Ne2 g6 13. Be3 Bd7 14. Rae1 Re8 15.
b4 a5 16. a3 Qe7 17. Bf4 Qg7 18. Qb2 Ra7 19. f3 axb4 20. fxe4 fxe4 21. Bc2 bxa3
22. Qb4 e3 23. Ra1 Bg4 24. Bd3 a2 25. Qb3 Rea8 26. Bxe3 Qe7 27. Bf2 Ra3 28. Qb7
Bxe2 29. Rfe1 Bxd3 30. Rxe7 Bxe7 31. Qxc6 Be4 32. Qe6+ Kf8 33. Qe5 Rb3 34. Qh8+
Kf7 35. Qxa8 Rb1+ 36. Be1 Rxa1 37. Kf2 Rc1 0-1

[Event "Indonesia Open 2013"]
[Site "Jakarta INA"]
[Date "2013.10.15"]
[Round "8.21"]
[White "Hossain, Enamul"]
[Black "Saduakassova, Dinara"]
[Result "1-0"]
[WhiteTitle "GM"]
[BlackTitle "WGM"]
[WhiteElo "2445"]
[BlackElo "2335"]
[WhiteFideId "10200649"]
[BlackFideId "13700090"]
[EventDate "2013.10.10"]

1. e4 e5 2. Nf3 Nf6 3. Nxe5 d6 4. Nf3 Nxe4 5. c4 Nc6 6. d3 Nf6 7. Nc3 Be7 8. d4
d5 9. h3 Be6 10. cxd5 Nxd5 11. Bb5 O-O 12. O-O Ncb4 13. a3 Nxc3 14. bxc3 Nd5 15.
Qc2 Nf6 16. Bd3 h6 17. c4 c6 18. Re1 Rc8 19. Qe2 Re8 20. Bb2 a6 21. Qd2 Bf8 22.
a4 b6 23. Bc3 Qc7 24. Rac1 Qb7 25. Rb1 Nd7 26. Ba1 Rb8 27. Qf4 Rbd8 28. Nh4 Nf6
29. d5 Bd6 30. Qc1 cxd5 31. Bxf6 Rc8 32. Ba1 dxc4 33. Be4 Qc7 34. Qc3 Bf8 35.
Nf5 Bxf5 36. Bxf5 Rxe1+ 37. Qxe1 Rd8 38. Bc2 Qc5 39. Qe4 g6 40. Bc3 Bg7 41. Bb4
Qc8 42. Re1 c3 43. Bb3 Qf5 44. Qxf5 gxf5 45. Re7 Rc8 46. Rxf7 Kh8 47. Bc2 a5 48.
Ba3 Rd8 49. Bc1 Re8 50. Kf1 1-0

[Event "Indonesia Open 2013"]
[Site "Jakarta INA"]
[Date "2013.10.15"]
[Round "8.22"]
[White "Medina, Warda Aulia"]
[Black "Yap, Kim Steven"]
[Result "0-1"]
[WhiteTitle "WIM"]
[BlackTitle "IM"]
[WhiteElo "2319"]
[BlackElo "2417"]
[WhiteFideId "7101570"]
[BlackFideId "5202809"]
[EventDate "2013.10.10"]

1. e4 c5 2. Nf3 d6 3. d4 cxd4 4. Nxd4 Nf6 5. Nc3 a6 6. Be2 e5 7. Nb3 Be7 8. O-O
O-O 9. Re1 Be6 10. Bf3 b5 11. a4 b4 12. Nd5 Nxd5 13. exd5 Bf5 14. Bd2 a5 15. c3
bxc3 16. Bxc3 Nd7 17. Be2 Nf6 18. Bb5 Ne4 19. Bxa5 Rxa5 20. Nxa5 Qxa5 21. Qf3 g6
22. Rxe4 Bxe4 23. Qxe4 Qd2 24. b3 Bd8 25. Qd3 Qa5 26. Qc4 Bb6 27. b4 Qa7 28. Ra2
Bd4 29. a5 f5 30. Bc6 f4 31. Qd3 f3 32. gxf3 Qe7 33. b5 Qg5+ 34. Kf1 Qc1+ 35.
Kg2 Qg5+ 36. Kf1 Qh5 37. Kg2 Qg5+ 38. Kf1 Qh4 39. Kg2 Qg5+ 40. Kf1 Qf4 41. Kg1
Rf5 42. Bd7 e4 43. Be6+ Kf8 44. Qxd4 Qc1+ 45. Kg2 exf3+ 46. Kh3 Qf1+ 47. Kh4
Rh5+ 48. Kg4 Qg2+ 49. Kf4 Rh4+ 50. Ke3 Qg5+ 51. Kd3 Rxd4+ 52. Kxd4 Qf4+ 53. Kc3
Qc1+ 54. Kb3 Qd1+ 55. Kc3 Qe1+ 56. Kb3 Qd1+ 57. Kc3 Qb1 58. Rb2 Qe1+ 59. Kd3
Qf1+ 60. Kc3 Qe1+ 61. Kd3 Qc1 62. Rd2 Qa3+ 63. Ke4 Qxa5 64. Rd3 Qb4+ 65. Kxf3
Qxb5 66. Re3 Qf1 67. h3 h5 68. Ke4 Kg7 69. f4 Qf2 70. Rc3 Qe2+ 71. Re3 Qg2+ 72.
Rf3 Qe2+ 73. Re3 Qc4+ 74. Kf3 Qf1+ 75. Ke4 Kf6 76. Rc3 Qe2+ 77. Re3 Qc4+ 78. Kf3
Qf1+ 79. Ke4 Ke7 80. Rc3 Qe2+ 81. Re3 Qc4+ 82. Kf3 Qf1+ 83. Ke4 h4 84. Rc3 Qe2+
85. Re3 Qc4+ 86. Kf3 Qf1+ 87. Ke4 Kd8 88. Rc3 Qg2+ 89. Rf3 Kc7 90. f5 gxf5+ 91.
Bxf5 Kb6 92. Be6 Kc5 93. Kf4 Kd4 94. Ra3 Qf2+ 95. Kg5 Qg3+ 0-1

[Event "Indonesia Open 2013"]
[Site "Jakarta INA"]
[Date "2013.10.15"]
[Round "8.23"]
[White "Mohamad, Ervan"]
[Black "Cherniaev, Alexander"]
[Result "1-0"]
[BlackTitle "GM"]
[WhiteElo "2260"]
[BlackElo "2415"]
[WhiteFideId "7102135"]
[BlackFideId "4117301"]
[EventDate "2013.10.10"]

1. e4 c6 2. d4 d5 3. Nc3 a6 4. Be3 dxe4 5. Nxe4 Nd7 6. Nf3 Ngf6 7. Nxf6+ Nxf6 8.
Bc4 Bg4 9. Bxf7+ Kxf7 10. Ne5+ Kg8 11. Nxg4 Nxg4 12. Qxg4 Qd5 13. O-O e6 14.
Rfe1 Be7 15. Bh6 Bf6 16. Rxe6 Qxd4 17. Re4 Qxb2 18. Rae1 Rf8 19. Rb4 Qc3 20.
Qe6+ 1-0

[Event "Indonesia Open 2013"]
[Site "Jakarta INA"]
[Date "2013.10.15"]
[Round "8.24"]
[White "Masruri, Rahman"]
[Black "Bitoon, Richard"]
[Result "1-0"]
[BlackTitle "GM"]
[WhiteElo "2222"]
[BlackElo "2407"]
[WhiteFideId "7101163"]
[BlackFideId "5201110"]
[EventDate "2013.10.10"]

1. e4 c5 2. Nf3 e6 3. d4 cxd4 4. Nxd4 a6 5. Be2 b5 6. Bf3 Qc7 7. O-O Bb7 8. e5
Nc6 9. Nxc6 Bxc6 10. Bxc6 dxc6 11. Qe2 Ne7 12. a4 Nd5 13. Na3 Rb8 14. axb5 axb5
15. c4 bxc4 16. Nxc4 Bc5 17. Qg4 O-O 18. Bg5 Kh8 19. Kh1 Rb4 20. Bd2 Rb3 21. f4
g6 22. Qd1 Rfb8 23. Rf3 Rxf3 24. Qxf3 Kg8 25. Qd3 Qb7 26. Qc2 Ra8 27. Ra4 Rd8
28. h3 Qb5 29. Ra5 Bd4 30. Rxb5 cxb5 31. Nd6 Ra8 32. Qc6 Ra1+ 33. Kh2 Be3 34.
Qe8+ Kg7 35. Qxf7+ Kh8 36. Qf8# 1-0

[Event "Indonesia Open 2013"]
[Site "Jakarta INA"]
[Date "2013.10.15"]
[Round "8.25"]
[White "Munkhgal, Gombosuren"]
[Black "Lorparizangeneh, Shahin"]
[Result "1-0"]
[WhiteTitle "IM"]
[BlackTitle "FM"]
[WhiteElo "2400"]
[BlackElo "2249"]
[WhiteFideId "4901266"]
[BlackFideId "12521604"]
[EventDate "2013.10.10"]

1. d4 Nf6 2. c4 g6 3. Nc3 d5 4. Bg5 Ne4 5. Bh4 Nxc3 6. bxc3 dxc4 7. e3 Be6 8.
Nf3 Bg7 9. Be2 O-O 10. O-O c5 11. Ng5 Bd5 12. e4 h6 13. exd5 hxg5 14. Bxg5 cxd4
15. Bxc4 dxc3 16. Qe2 Bf6 17. Bxf6 exf6 18. Rac1 Re8 19. Qd3 Nd7 20. Qxc3 Nb6
21. Bb3 Rc8 22. Qb4 Re7 23. Rcd1 Rd7 24. Rd3 Qf8 25. Qf4 Qg7 26. h4 Rcd8 27. d6
Re8 28. h5 g5 29. Qf3 Re5 30. Rd4 f5 31. Rfd1 Qf6 32. g4 Nc8 33. Qd3 fxg4 34.
Qg6+ Qxg6 35. hxg6 Kg7 36. gxf7 Rd8 37. Rc1 Kf8 38. Kg2 a6 39. Kg3 Rf5 40. Be6
Rf4 41. d7 Nb6 42. Rxf4 gxf4+ 43. Kxf4 Ke7 44. Rc8 1-0

[Event "Indonesia Open 2013"]
[Site "Jakarta INA"]
[Date "2013.10.15"]
[Round "8.27"]
[White "Teh, Eu Wen Aron"]
[Black "Paragua, Mark"]
[Result "1-0"]
[BlackTitle "GM"]
[WhiteElo "2254"]
[BlackElo "2571"]
[WhiteFideId "5704723"]
[BlackFideId "5201241"]
[EventDate "2013.10.10"]

1. d4 Nf6 2. c4 g6 3. Nc3 Bg7 4. e4 d6 5. Be2 O-O 6. Bg5 a6 7. Qd2 c5 8. d5 Qa5
9. Nf3 b5 10. Nd1 Qb6 11. Qc2 h6 12. Bd2 e6 13. Ne3 Re8 14. O-O exd5 15. exd5
Nbd7 16. Rae1 b4 17. Bd3 Ne5 18. Nxe5 dxe5 19. f4 exf4 20. Rxf4 Nh5 21. Rf3 Bd4
22. Kh1 Kg7 23. Ref1 Ra7 24. Qc1 Qd6 25. Nc2 Be5 26. Bxh6+ Kg8 27. Re1 f5 28. g3
Kh7 29. Bg5 Nf6 30. Bf4 Rae7 31. Bxe5 Rxe5 32. Rxe5 Rxe5 33. Kg2 Qe7 34. Re3 Ne4
35. Ne1 Qf6 36. Nf3 Re8 37. Re2 Kg7 38. h4 Re7 39. Qf4 a5 40. Kg1 Re8 41. Bxe4
fxe4 42. Rxe4 Qxf4 43. Rxf4 Re2 44. Ng5 Rxb2 45. Rf7+ Kg8 46. Ra7 Rxa2 47. Ra8
b3 48. Rxc8+ Kg7 49. Rb8 a4 50. d6 Ra1+ 51. Kg2 Kf6 52. d7 Rd1 53. d8=Q+ Rxd8
54. Rxd8 b2 55. Ne4+ Ke5 56. Nc3 a3 57. Ra8 1-0

[Event "Indonesia Open 2013"]
[Site "Jakarta INA"]
[Date "2013.10.15"]
[Round "8.29"]
[White "Senador, Emmanuel"]
[Black "Sukandar, Irine Kharisma"]
[Result "0-1"]
[WhiteTitle "IM"]
[BlackTitle "WGM"]
[WhiteElo "2323"]
[BlackElo "2363"]
[WhiteFideId "5200601"]
[BlackFideId "7101937"]
[EventDate "2013.10.10"]

1. e4 c5 2. d4 cxd4 3. c3 Nf6 4. e5 Nd5 5. Nf3 e6 6. Bc4 d6 7. cxd4 Nb6 8. Bd3
Nc6 9. O-O Nb4 10. Be2 dxe5 11. Nxe5 Bd7 12. Nc3 Bc6 13. a3 N4d5 14. Bd3 g6 15.
Qf3 Qf6 16. Qg3 Qe7 17. Re1 Bg7 18. Bg5 f6 19. Qg4 O-O 20. Nxc6 bxc6 21. Nxd5
Nxd5 22. Rxe6 Qd7 23. Bd2 Rae8 24. Rae1 Nc7 25. Bc4 Kh8 26. R6e4 Qxg4 27. Rxg4
f5 28. Rh4 Bf6 29. Rh3 Bxd4 30. Rxe8 Rxe8 31. Rb3 Ne6 32. Bc3 Bxc3 33. Rxc3 Nd4
34. Kf1 Kg7 35. Rd3 Rd8 36. f4 Kf6 37. Kf2 h6 38. g3 g5 39. Ke3 c5 40. b4 gxf4+
41. gxf4 Re8+ 42. Kd2 Re2+ 43. Kd1 Re4 44. bxc5 Ke7 45. Kd2 Rxf4 46. Kc3 Nc6 47.
Bb5 Ne5 48. c6 Nxd3 49. c7 Rf1 50. c8=N+ Ke6 51. Bxd3 Rc1+ 52. Bc2 f4 53. Kd2
Ra1 54. Nxa7 f3 55. Ke3 Rxa3+ 56. Kf2 Ra2 57. Kxf3 Rxc2 58. Nb5 Rxh2 59. Nd4+
Kf6 60. Kg3 Ra2 61. Nf3 Ra4 62. Nh4 Kg5 63. Nf3+ Kh5 64. Ne5 Kg5 65. Nf3+ Kf5
66. Nh4+ Ke4 67. Kg4 Ra5 68. Ng2 Rg5+ 69. Kh3 Kf3 70. Ne1+ Kf2 71. Nd3+ Ke3 72.
Ne1 Ke2 73. Ng2 Kf3 74. Ne1+ Kf2 75. Nd3+ Ke3 76. Ne1 Rg1 77. Ng2+ Kf3 78. Nh4+
Kf4 79. Ng2+ Kg5 80. Kg3 h5 81. Kf2 Ra1 82. Ne1 Kg4 83. Ng2 Ra2+ 84. Kg1 Kg3 85.
Ne3 Ra1+ 86. Nf1+ Kf3 0-1

[Event "Indonesia Open 2013"]
[Site "Jakarta INA"]
[Date "2013.10.15"]
[Round "8.30"]
[White "Muhammad, Luthfi Ali"]
[Black "Novita, Anjas"]
[Result "1/2-1/2"]
[WhiteTitle "CM"]
[BlackTitle "FM"]
[WhiteElo "2338"]
[BlackElo "2328"]
[WhiteFideId "7103743"]
[BlackFideId "7100949"]
[EventDate "2013.10.10"]

1. e4 c5 2. Nf3 d6 3. d4 cxd4 4. Nxd4 Nf6 5. Nc3 a6 6. Be3 e6 7. f3 Be7 8. Qd2
O-O 9. O-O-O b5 10. g4 Bb7 11. g5 Nfd7 12. h4 Nc6 13. Nxc6 Bxc6 14. h5 Ne5 15.
f4 b4 16. Nd5 exd5 17. fxe5 Qa5 18. h6 Qxa2 19. Qd4 Rfc8 20. exd6 Bf8 21. exd5
Ba4 22. Rh2 Qa1+ 23. Kd2 Rxc2+ 24. Ke1 Qa2 25. Rxc2 Bxc2 26. Rd2 Bf5 27. Qxb4
Re8 28. Kf2 Qb1 29. Qc3 Qe4 30. Qd4 Qh1 31. Bg2 Qh5 32. Kg1 Qg6 33. Bf4 gxh6 34.
gxh6 Bxh6 35. Bxh6 Qxh6 36. Qf2 Bd7 37. Qg3+ Kf8 38. Rf2 Re3 39. Rf3 Rxf3 40.
Qxf3 Qc1+ 41. Kh2 Qxb2 42. Qe4 Qf6 43. Qxh7 Qxd6+ 44. Kh1 a5 45. Qh8+ Ke7 46.
Qh4+ f6 47. Qe1+ 1/2-1/2

[Event "Indonesia Open 2013"]
[Site "Jakarta INA"]
[Date "2013.10.15"]
[Round "8.31"]
[White "Pradeep, Kumar R.A."]
[Black "Sihite, Chelsie Monica"]
[Result "1-0"]
[BlackTitle "WIM"]
[WhiteElo "2331"]
[BlackElo "2267"]
[WhiteFideId "5023181"]
[BlackFideId "7101198"]
[EventDate "2013.10.10"]

1. Nf3 Nf6 2. c4 e6 3. g3 d5 4. Bg2 dxc4 5. Na3 Qd5 6. O-O Nbd7 7. Ne1 Qc5 8.
Qa4 Nd5 9. Qxc4 Qxc4 10. Nxc4 a5 11. e4 Nb4 12. d4 e5 13. Nxe5 Nxe5 14. dxe5 Bc5
15. Bd2 Be6 16. a3 Nc6 17. Nf3 a4 18. Rac1 Bb6 19. Rfe1 O-O 20. Be3 Ba5 21. Rf1
Rfd8 22. Rfd1 h6 23. h3 Bb3 24. Rxd8+ Rxd8 25. Bf1 Rd1 26. Rxd1 Bxd1 27. Nd4
Nxe5 28. f4 Nf3+ 29. Nxf3 Bxf3 30. Bd3 Bd1 31. Kf2 Kf8 32. Bc5+ Ke8 33. Ke3 h5
34. f5 f6 35. Bd4 Be1 36. e5 Ke7 37. Bc5+ Ke8 38. Bd4 Ke7 39. Kf4 b6 40. e6 c5
41. Be3 Kd6 42. Bb5 Bb3 43. Be2 h4 44. gxh4 Bxh4 45. Kg4 Be1 46. Kh5 g5 47. fxg6
Bxe6 48. g7 Ke5 49. Bf3 Bg8 50. Bc6 Kf5 51. Bxa4 Ke4 52. Bc1 f5 53. Bc2+ Ke5 54.
Kg5 Bg3 55. Bxf5 Bh4+ 56. Kg6 Bb3 57. Bb1 Bg8 58. Bg5 Bf2 59. h4 1-0

[Event "Indonesia Open 2013"]
[Site "Jakarta INA"]
[Date "2013.10.15"]
[Round "8.32"]
[White "Torre, Eugenio"]
[Black "Sinurat, Tumpak"]
[Result "1/2-1/2"]
[WhiteTitle "GM"]
[WhiteElo "2462"]
[BlackElo "2249"]
[WhiteFideId "5200016"]
[BlackFideId "7104138"]
[EventDate "2013.10.10"]

1. d4 Nf6 2. Nf3 e6 3. Bf4 c5 4. e3 Qb6 5. Na3 d5 6. Nb5 Na6 7. a4 c4 8. c3 Bd7
9. b3 Bxb5 10. axb5 Qxb5 11. bxc4 dxc4 12. Ne5 Rc8 13. Bxc4 Rxc4 14. Qe2 Bb4 15.
Nxc4 Bxc3+ 16. Kf1 O-O 17. Rc1 Nd5 18. Bg3 f5 19. Be5 Nab4 20. Nd6 Qc6 21. Qb5
Qxb5+ 22. Nxb5 Bb2 23. Rb1 Rc8 24. Nc7 Nxc7 25. Rxb2 Ncd5 26. Ke2 a5 27. Bd6 Rc3
28. Bxb4 Nxb4 29. Rhb1 Rc4 30. Kd2 Kf7 31. Ra1 b6 32. Ra3 Nd5 33. f3 Ke7 34. Rc2
Rb4 35. Kd3 Rb1 36. Rc8 Re1 37. Kd2 Rg1 38. g3 Rg2+ 39. Ke1 Rxh2 40. e4 fxe4 41.
fxe4 Nb4 42. Rac3 Kf6 43. Kd1 Rh1+ 44. Kd2 Rh2+ 45. Ke3 h5 46. Rb8 Rg2 47. Kf4
g5+ 48. Kf3 Rd2 49. e5+ Kg6 50. Rg8+ Kh6 51. Rcc8 Rxd4 52. Rce8 g4+ 53. Ke3 Nc2+
54. Ke2 Rd5 55. Rxe6+ Kh7 56. Reg6 Rxe5+ 57. Kd2 Nd4 1/2-1/2

[Event "Indonesia Open 2013"]
[Site "Jakarta INA"]
[Date "2013.10.15"]
[Round "8.34"]
[White "Irwanto, Sadikin"]
[Black "Smirnov, Anton"]
[Result "1/2-1/2"]
[WhiteTitle "IM"]
[BlackTitle "FM"]
[WhiteElo "2407"]
[BlackElo "2306"]
[WhiteFideId "7100590"]
[BlackFideId "3208923"]
[EventDate "2013.10.10"]

1. d4 d5 2. c4 c6 3. Nf3 Nf6 4. Nc3 dxc4 5. a4 Bf5 6. Ne5 e6 7. f3 Bb4 8. Nxc4
O-O 9. Bg5 h6 10. Bh4 c5 11. dxc5 Qxd1+ 12. Rxd1 Bc2 13. Rd2 Bxc3 14. bxc3 Bxa4
15. e4 Nbd7 16. Bf2 a5 17. Be2 Bc6 18. O-O a4 19. Rb1 Ra7 20. Ra2 Rfa8 21. Ra3
Ne8 22. Rb2 Kf8 23. Bh4 Nc7 24. Nb6 Rd8 25. Rd2 Ra5 26. Bg3 Ne8 27. Bf2 Ke7 28.
Nc4 Raa8 29. Rb2 Nc7 30. Nd6 Na6 31. Bxa6 Rxa6 32. Nc4 f6 33. Be3 Ne5 34. Nxe5
fxe5 35. c4 Raa8 36. Rd2 Kf6 37. Kf2 Rxd2+ 38. Bxd2 Rd8 39. Bc3 Rd1 40. Ra1 Rd3
41. Rc1 Rd8 42. Ke3 Ra8 43. Ra1 Ra6 44. f4 Kf7 45. Bxe5 h5 46. Ra3 Ra8 47. Bd6
g6 48. Kd4 Kf6 49. Bc7 Rc8 50. Bb6 Ra8 51. h3 Rc8 52. Ba5 Ra8 53. Bc7 Rc8 54.
Be5+ Kf7 55. Ke3 Rd8 56. Ra1 Ra8 57. Bb2 Rd8 58. Rf1 Ra8 59. Ba3 Rd8 60. Rh1 Rd7
61. Rf1 Rd8 62. Bb2 Ra8 63. Ra1 Rd8 64. Bd4 Ra8 65. Ra3 Rd8 66. Rd3 Ra8 67. Bb2
Re8 68. Rd6 Ra8 69. Ba3 Re8 70. Kd3 Ke7 71. Kd4 Kf6 72. Ke3 Kf7 73. Kf3 Ke7 74.
g4 hxg4+ 75. Kxg4 Kf7 76. Rd4 Rh8 77. e5 Ke7 1/2-1/2